000
00338pam a2200157a 44500
008
230515b2017 xxu||||| |||| 00| 0 eng d
020
_a
NULL
041
_a
ENGLISH
082
_a
610
100
_a
NULL
245
_a
COMMUNITY NURSING PROCEDURES MANUAL
250
_a
1
260
_a
_b
C B S
_c
2017
300
_a
179
650
_a
NULL
999
_c
531879
_d
531879